Statistics for Superhero names quiz

Click here to take the quiz!

General Stats

  • This quiz has been taken 59 times
    (30 since last reset)
  • The average score is 25 of 44

Answer Stats

Alter EgoAnswer% Correct
Bruce WayneBatman
100%
Tony StarkIron Man
100%
Steve RodgersCaptain America
97%
Clark KentSuperman
97%
Barry AllenFlash
93%
Bruce BannerHulk
93%
Diana PrinceWonder Woman
93%
T'ChallaBlack Panther
86%
Peter ParkerSpider-Man
86%
Natasha RomanovBlack Widow
83%
Wade WilsonDeadpool
83%
Clint BartonHawkeye
79%
James 'Logan' HowlettWolverine
76%
Hal JordanGreen Lantern
72%
Charles XavierProfessor X
66%
Peter MaximoffQuicksilver
66%
Peter QuillStar-Lord
66%
Hank PymAnt-Man
62%
Oliver QueenGreen Arrow
62%
Wanda MaximoffScarlet Witch
62%
PheonixJean Grey
59%
Ororo MunroeStorm
59%
Scott SummersCyclops
55%
Johnny StormHuman Torch
55%
Jason ToddRobin
55%
Ben GrimmThing
55%
Matt MurdockDareDevil
52%
Sue StormInvisible Woman
52%
Arthur CurryAquaman
48%
Bobby DrakeIceman
48%
Kurt WagnerNightcrawler
48%
Blackagar BoltanBlack Bolt
45%
J'onn J'onzzMartian Manhunter
45%
Reed RichardsMister Fantastic
45%
Dinah LanceBlack Canary
41%
Norrin RaddSilver Surfer
31%
Peter RasputinColossus
28%
Alex SummersHavok
24%
Marie D'ancantoRogue
21%
Robert ReynoldsSentry
14%
Danny RandIron Fist
3%
Roy HarperArsenal
0%
Frank Castle.Punisher
0%
Vic SageQuestion
0%

Score Distribution

Percentile by Number Answered

Percent of People with Each Score

Your Score History

You have not taken this quiz since the last reset